| 000 | 01414nam a2200265Ia 4500 | ||
|---|---|---|---|
| 999 |
_c40575 _d40575 |
||
| 001 | 7200 | ||
| 003 | GE_BSU | ||
| 005 | 20231019123350.0 | ||
| 008 | 181216s2009||||ge |||||||||||||| ||geo|| | ||
| 020 | _a9789941905544. (ტ1) | ||
| 040 | _cGE_BSU | ||
| 041 | _ageo | ||
| 080 | _a27-23(038)+26-38(038) ბ-65 | ||
| 245 |
_aბიბლიის ლექსიკონი : (მასალები) : _b [2ტომად.] ტ.1 / _cშემდგ. : ელგუჯა გიუნაშვილი, ზურაბ კალანდაძე ; რედ. ზურაბ სარჯველაძე. |
||
| 260 | _a. | ||
| 264 |
_aთბილისი : _bმთაწმინდა, _c2009. |
||
| 300 |
_a448 გვ. ; _c21 სმ. |
||
| 500 | _a1-ლი ტომის გამოც.წარმოადგენს 2000 წელს ამსტერდამში დასტამბული "ბიბლიის ლექსიკონის"რეპრინტს | ||
| 541 | _h10ლ. | ||
| 653 | _aბიბლიის ლექსიკონი | ||
| 700 |
_aგიუნაშვილი, ელგუჯა _eშემდგენელი _920131 |
||
| 700 |
_aკალანდაძე, ზურაბ _eშემდგენელი _920132 |
||
| 700 |
_aსარჯველაძე, ზურაბ _eრედაქტორი _920133 |
||
| 942 |
_cBK _2udc |
||